000 00315nam a22001337a 4500
008 170619b xxu||||| |||| 00| 0 eng d
020 _a0865317976
041 _aeng
080 _a32
100 _a20
101 _aSHP
245 _aPOLITICS AND ECONOMICS OF EXTERNAL DEBT CRISIS
_cWIONCZEK,M.S
942 _2udc
_cBK
999 _c18018
_d18018